Statistics for Biggest Cities in New York State on a Map

Click here to take the quiz!

General Stats

  • This quiz has been taken 343 times
  • The average score is 10 of 15

Answers on the Map

Answers color-coded by a green-red scale on the quiz's map according to % correct below.
 

Answer Stats

PopulationCity% Correct
8,622,698New York City
100%
258,612Buffalo
97%
98,251Albany
96%
208,046Rochester
94%
143,396Syracuse
92%
202,019Yonkers
84%
48,460Niagara Falls
70%
60,635Utica
68%
45,179Binghamton
57%
65,625Schenectady
51%
59,047White Plains
48%
49,565Troy
47%
79,946New Rochelle
46%
55,806Hempstead
36%
68,703Mount Vernon
36%

Score Distribution

Percentile by Number Answered

Percent of People with Each Score

Your Score History

You have not taken this quiz